00566nam a22001937a 450000500170000001000130001702000260003003500130005603500130006903700170008208200060009910000170010524500780012226000320020027000750023230000220030750000220032970000210035120190916152654.0 aB-706476 a9780143427858c250.00 aB-706476 aB-729994 bPuffin Books aS aMurty, Sudha aThe serpent's revenge:bunusual tales from the Mahabharata /cSudha Murty aGurgaonbPuffin Booksc2016 a7th Floor, Infinity Tower C, DLF Cyber CitybGurgaon (Haryana)e122002 a182p.c20 cm(pbk) aincludes glossary aGupta, Priyankar